MARC
| LEADER | 00000nam a2200000Ia 4500 | ||
|---|---|---|---|
| 008 | 170316s9999 xx 000 0 und d | ||
| 040 | |a cru BVZT | ||
| 090 | |a 860 S-32t | ||
| 100 | |a Soto, Pedro Juan | ||
| 245 | |a Temporada de duendes | ||
| 260 | |a México, Distrito Federal | ||
| 260 | |b Diogenes | ||
| 260 | |c 1970 | ||
| 300 | |a 234 páginas | ||
| 650 | |a LITERATURA LATINOAMERICANA | ||
| 999 | |c 9245 |d 9245 | ||
| 942 | |c 15 D |h 860 S-32t |2 z | ||
